000 ncm a22 a 4500
999 _c349479
_d349479
003 BLK
005 20201007040653.0
008 200325b bu ||||| |||| 00| 0 bu d
040 _aBLK
041 _aBUL
_cBUL
080 _aМузика
_b78
_z78
100 _aВивалди, Антонио
_eпърви автор
_91299
139 _aВивалди, Антонио
_bВ 55
245 _aСонати [Нотирана музика]
_bЗа флейта и пиано
_cАнтонио Вивалди
260 _9209430
_aСофия
_bМузика
_c1976
300 _a1 партитура (28 с.)
_c30 см
_e1 щим (12 с.)
380 _a7
500 _a340 тир.
852 _aМ ІІ 7093
942 _cNOT
_n0
_s1
944 _aCR
_c2020-03-25
_l2020-03-25
999 _d349479
999 _d349475
999 _d349473
999 _d349472
999 _d349469
999 _d349468
999 _d349467
999 _d349465
999 _d349463
999 _d349462
999 _d349461
999 _d349459
999 _d349458
999 _d349457
999 _d349455